000 00495nam a2200157Ia 4500
005 20260601193247.0
008 260601s9999||||xx |||||||||||||| ||und||
020 _a978-3-031-59770-1
_qebk
100 _aAmy Van Looy
245 0 _aFrom Emerging Technologies to Business Opportunities
250 _a2024
260 _aHeidelberg, Germany
_bSpringer Nature
_c2024
650 _aComputer Science
856 _uhttps://link.springer.com/openurl?genre=book&isbn=978-3-031-59770-1
942 _cEB
_2ddc
999 _c56604
_d56604